000 00590nam a2200181 i 4500
001 66265
003 ES-MaACL
007 t|
008 040130s1927 fr ||||1| fre d
100 1 _aGalbrun, Henri.
_953346
245 1 0 _aAssurances sur la vie
_b: calcul des réserves /
_cpar Henri Galbrun.
260 _aParis :
_bGauthier-Villars,
_c1927.
300 _a288 p. ;
_c24 cm.
490 1 _aTraité du calcul des probabilités et de ses applications
830 0 _aTraité du calcul des probabilités et de ses applications
_9182345
852 _aES-MaACL
_jC-9037
999 _c66265
_d66265